000 00662nam a2200241Ia 4500
003 OSt
005 20220924114820.0
006 a|||||r|||| 00| 0
007 ta
008 220923b |||||||| |||| 00| 0 ara d
024 _a344058
037 _cTextual
040 _aARTS
_cARTS
_bara
041 _2ara
_aara
082 _aT:3,98, 28M5
100 _aKhafaji Mohammad Abdul Au.
_9175544
245 0 _aKaif taktub behsa jamian
260 _aCairo
_bMaktaba al-najlo Misr
_c1985
650 _a TEACHING
_934578
650 _aEDUCATION
942 _hT:3,98, 28M5
_cTEXL
_2CC
999 _c395446
_d395446